000
003070000a22001330004500
041
0
_a
SPA
082
0
4
_a
G 920 V2158r
100
1
_a
Valverde, Umberto
245
1
0
_a
Celia Cruz : Reina Rumba / Umberto Valverde
260
_a
Bogotá, Colombia : Oveja Negra
300
_a
150 Pag
001
11285
942
_c
BK
999
_c
40631
_d
40631